| 000 | 01174nam a22002417a 4500 | ||
|---|---|---|---|
| 005 | 20210921090239.0 | ||
| 008 | 210921b ||||| |||| 00| 0 eng d | ||
| 020 | _a0895261103 | ||
| 040 | _cAL | ||
| 041 | _aeng | ||
| 082 |
_223 _a327.73 _bMOWD |
||
| 100 |
_aJoel Mowbray _9109 |
||
| 245 |
_aDangerous diplomacy _bHow the state department threatens America's security |
||
| 260 |
_aWashington DC _bRegnery Publishing, Inc _c2003 |
||
| 300 |
_avii,312 p. _bHB _c24*16 cm. |
||
| 365 | _f24-03-2013 | ||
| 500 | _aPolitical Science | ||
| 520 | _a In Dangerous Diplomacy, investigative reporter Joel Mowbray exposes the hidden agendas, mixed allegiances, and outright anti–Americanism that has infected the U.S. State Department. Relying on exhaustive interviews with State Department personnel and extensive research into State's publications, procedures, and recent history, Mowbray reveals an astounding pattern of shortsighted and misguided policies, compounded by an ingrained and self–criticism and correction. | ||
| 650 |
_aUnited States Dept. of State _9110 |
||
| 650 | _2United State Foreign relations | ||
| 700 |
_aMOWBRAY (Joel) _9111 |
||
| 942 |
_2ddc _cGF |
||
| 999 |
_c216314 _d216314 |
||